Imperialism, class struggle, and the staqte in the age of global capitalism, globalization of capital and the nation-state

Պահպանված է:
Մատենագիտական մանրամասներ
Հիմնական հեղինակ: Berberoglu, Berch
Ձևաչափ: Անհայտ
Լեզու:English
Հրապարակվել է: Maryland : Rowman Littlefield publishers
Ցուցիչներ: Ավելացրեք ցուցիչ
Չկան պիտակներ, Եղեք առաջինը, ով նշում է այս գրառումը!

MARC

LEADER 00000 a2200000 04500
001 40053
003
008 050625s2003 mdu eng d
040
020 |a 0-7425-2495-7  
090 |a 0004 B482g  
100 |a Berberoglu, Berch  
245 |a Imperialism, class struggle, and the staqte in the age of global capitalism, globalization of capital and the nation-state  
260 |a Maryland :   |b Rowman Littlefield publishers  
300 |a 167 páginas  
500 |a Colección Cambio Social donada por Paul Almeida  
999 |c 17316  |d 17316